|
|
|
|
| LEADER |
00000nab a2200000 a 4500 |
| 001 |
vtls009001670 |
| 003 |
SK-MaSNL |
| 005 |
20260304171941.0 |
| 008 |
250507c20062007xo mr|p|||an |000 b|slo |
| 015 |
|
|
|a SNBRB2007/06
|
| 035 |
|
|
|a (uuid)36e45f22-a01c-4e66-9c48-1174dcee4bd0
|
| 035 |
|
|
|a urn:nbn:sk:snk-ab2grs
|
| 035 |
|
|
|a (urnnbn)urn:nbn:sk:snk:ar-a02ekk
|
| 038 |
|
|
|a SPK
|
| 040 |
|
|
|a SNKBUCL
|b slo
|c SNKBUCL
|e AACR2
|
| 041 |
0 |
|
|a slo
|b slo
|
| 044 |
|
|
|a xo
|c SK
|
| 072 |
|
7 |
|a 00
|x Veda. Všeobecnosti. Základy vedy a kultúry. Vedecká práca
|2 konspekt
|
| 072 |
|
7 |
|a 37
|x Výchova a vzdelávanie
|2 konspekt
|
| 072 |
|
7 |
|a 616
|x Patológia. Klinická medicína
|2 konspekt
|
| 080 |
|
|
|a 001.895:37
|2 1997
|
| 080 |
|
|
|a 616.8
|2 1997
|
| 080 |
|
|
|a 37
|2 1997
|
| 100 |
1 |
|
|a Petlák, Erich,
|d 1942-
|4 aut
|9 199433
|
| 245 |
1 |
0 |
|a Nové trendy vo vyučovaní
|b nástup neuropedagogiky
|c Erich Petlák
|
| 300 |
|
|
|b Fotogr.
|
| 504 |
|
|
|a Bibliogr. odkazy
|
| 546 |
|
|
|a Res. slov.
|
| 650 |
0 |
7 |
|a inovácie vo vzdelávaní
|2 snkbucl
|9 79699
|
| 650 |
0 |
7 |
|a neuropedagogika
|2 spk
|9 340635
|
| 650 |
0 |
7 |
|a neurológia
|2 snkbucl
|9 908
|
| 650 |
0 |
7 |
|a pedagogika
|2 snkbucl
|9 955
|
| 773 |
0 |
|
|t Naša škola
|g Roč. 10., č. 10 (2006/2007), s. 6-10
|
| 850 |
|
|
|a Slovenská národná knižnica
|
| 852 |
|
|
|a Slovenská národná knižnica
|
| 954 |
|
|
|a odborná, vedecká literatúra pôvodná (slovenská)
|2 lita
|
| 958 |
|
|
|a article27
|
| 958 |
|
|
|a NB
|2 spk
|
| 958 |
|
|
|a OND
|
| 958 |
|
|
|a EUIPO
|
| 999 |
|
|
|c 2995679
|d 2997609
|